| 000 | 00624nam a2200205 a 4500 | ||
|---|---|---|---|
| 001 | 2905 | ||
| 003 | CDMR | ||
| 005 | 20131127175453.0 | ||
| 008 | 130130s1977||||||||||||||||||||||||||||d | ||
| 020 | _a8425206294 | ||
| 040 |
_aCDMR _bcat _cCDMR |
||
| 245 | 0 | 0 |
_aMiseria de la comunicación visual _b: elementos para una crítica de la industria de la conciencia _cH.K. Ehmer et alt. |
| 260 |
_aBarcelona _c1977 _bGustavo Gili |
||
| 300 | _a428 p. | ||
| 490 | 0 | _aGG Comunicación visual | |
| 650 | 0 | 4 |
_93737 _aComunicació visual |
| 650 | 0 | 4 |
_93349 _aAnàlisi del discurs |
| 700 | 1 |
_92137 _aEhmer, Hermann Karl |
|
| 942 |
_cMON _2udc |
||
| 999 |
_c2905 _d2905 |
||